000 01562cam a22004217a 4500
003 CHAP
005 20220817043749.0
008 010308d1997 mx r 00110 esp d
010 _a83734
011 _a84706
020 _a9688173967
035 _a95232
040 _cCHAP
090 _aFolleto 16129
110 0 _aMéxico. Secretaría de Medio Ambiente, Recursos Naturales y Pesca
_977201
245 1 3 _aA cinco años de Río :
_bMéxico en la sesión especial de la asamblea general de las naciones unidas
_c/por Secretaría de Medio Ambiente, Recursos Naturales y Pesca
260 _aMéxico, D. F. :
_bSecretaría de Medio Ambiente, Recursos Naturales y Pesca,
_c1997.
300 _a25 p.
500 _aEdicion bilingue español-inglés
590 _aBATCH-UPD
_b10
_c20130110
_lUCH01
_h0904
590 _aBATCH-UPD
_b10
_c20130410
_lUCH01
_h0532
590 _aBATCH-UPD
_b10
_c20130913
_lUCH01
_h2330
590 _aCONVERSION
_b10
_c20130109
_lUCH01
_h1347
650 1 4 _aAgua
_xAbastecimiento
_xMexico.
_92249
650 1 4 _aAire
_xContaminación.
_93138
650 1 4 _aBotánica
_zMéxico.
_914641
650 1 4 _aDesarrollo sustentable.
650 1 4 _aDesforestación.
_932131
650 1 4 _aMedio ambiente.
_974065
650 1 4 _aMedio ambiente
_xContaminación.
_974069
650 1 4 _aPesca
_xMéxico.
_987403
650 1 4 _aPolítica ambiental
_xMéxico.
_990426
650 1 4 _aRecursos naturales
_xMéxico.
_995299
901 _aBK
905 _aPatricia Mendoza P.
942 _cFOLL
949 _aFolleto 16129
_bBC
_cFOLL
_d952321
_eTS1
_i95232
_kDonaciØn
_st
999 _c83734
_d83734